[Event "AUT-chT (Women) 2324"]
[Site "Austria"]
[Date "2024.04.14"]
[Round "9.1"]
[White "Katter, Katharina"]
[Black "Babiy, Olga"]
[Result "0-1"]
[WhiteElo "1962"]
[BlackElo "2306"]
[PlyCount "88"]
[EventDate "2023.11.24"]
[EventType "team-tourn"]
[EventRounds "9"]
[EventCountry "AUT"]
[SourceTitle "CB16_2024"]
[SourceDate "2024.04.17"]
[SourceVersion "1"]
[SourceVersionDate "2024.04.17"]
[SourceQuality "1"]
[WhiteTeam "Lienz (W)"]
[BlackTeam "Schach ohne Grenzen (W)"]
[WhiteTeamCountry "AUT"]
[BlackTeamCountry "AUT"]

1. d4 Nf6 2. Nf3 g6 3. g3 Bg7 4. Bg2 0-0 5. 0-0 d6 6. Nc3 Nbd7 7. a4 c6 8. a5 Qc7 9. Qd3 Re8 10. Rd1 b5 11. axb6 Nxb6 12. e4 a5 13. b3 Nfd7 14. Bf4 Ba6 15. Qd2 c5 16. dxc5 Qxc5 17. Na4 Nxa4 18. Rxa4 Bc3 19. Qe3 Bb5 20. Ra2 Rec8 21. Qxc5 Nxc5 22. e5 Be2 23. Rd5 dxe5 24. Bxe5 Ne6 25. Nd4 Nxd4 26. Bxd4 Ra6 27. Bxc3 Rxc3 28. Re5 Bd1 29. Be4 Rd6 30. Rxe7 Rd2 31. Rxa5 Bf3 32. Bxf3 Rxf3 33. c4 Rfxf2 34. Ra1 Rg2+ 35. Kf1 Rxh2 36. Kg1 Rdg2+ 37. Kf1 Rb2 38. Kg1 Rhg2+ 39. Kh1 Rxg3 40. Rf1 Rh3+ 41. Kg1 Rg3+ 42. Kh1 Rc3 43. Rc7 Rcc2 44. Ra1 Rxb3 0-1

[Event "Mitropa Cup (Women)"]
[Site "Apolda"]
[Date "2024.02.15"]
[Round "1.16"]
[White "Katter, Katharina"]
[Black "Blanquet, Camille"]
[Result "1/2-1/2"]
[WhiteElo "1884"]
[BlackElo "2014"]
[PlyCount "55"]
[EventDate "2024.02.15"]
[EventType "team-tourn"]
[EventRounds "9"]
[EventCountry "GER"]
[SourceTitle "CB09_2024"]
[SourceDate "2024.02.28"]
[SourceVersion "1"]
[SourceVersionDate "2024.02.28"]
[SourceQuality "1"]
[WhiteTeam "Austria (W)"]
[BlackTeam "France (W)"]
[WhiteTeamCountry "AUT"]
[BlackTeamCountry "FRA"]

1. d4 Nf6 2. Nf3 e6 3. c4 d5 4. Nc3 Bb4 5. Qa4+ Nc6 6. e3 0-0 7. Bd2 dxc4 8. Bxc4 Bd6 9. Qc2 e5 10. dxe5 Nxe5 11. Nxe5 Bxe5 12. f4 Bxc3 13. Bxc3 Ng4 14. Bd4 c5 15. Bxc5 Re8 16. 0-0 b6 17. Bd4 Nxe3 18. Bxe3 Rxe3 19. Rad1 Qe7 20. f5 Bb7 21. f6 gxf6 22. Qf5 Qe4 23. Bxf7+ Kxf7 24. Qxf6+ Kg8 25. Qf7+ Kh8 26. Qf6+ Kg8 27. Qf7+ Kh8 28. Qf6+ 1/2-1/2

[Event "Wch U18 Girls"]
[Site "Montesilvano"]
[Date "2023.11.21"]
[Round "8"]
[White "Katter, Katharina"]
[Black "Matute Escobar, Roxanny"]
[Result "0-1"]
[WhiteElo "1887"]
[BlackElo "1995"]
[PlyCount "74"]
[EventDate "2023.11.13"]
[EventType "swiss"]
[EventRounds "11"]
[EventCountry "ITA"]
[SourceTitle "CB48_2023"]
[SourceDate "2023.11.29"]
[SourceVersion "1"]
[SourceVersionDate "2023.11.29"]
[SourceQuality "1"]

1. d4 Nf6 2. c4 g6 3. Nc3 Bg7 4. e4 d6 5. Be2 0-0 6. Nf3 e5 7. 0-0 Nc6 8. d5 Ne7 9. b4 Ne8 10. a4 h6 11. a5 f5 12. Re1 Nf6 13. Nd2 f4 14. c5 Rf7 15. a6 b6 16. Nb5 Bf8 17. cxd6 cxd6 18. Qc2 Ne8 19. Bb2 Kh7 20. Rec1 Ng8 21. Ra3 Rg7 22. Qa4 g5 23. Rac3 g4 24. g3 f3 25. Bd3 Bd7 26. Qc2 Qg5 27. Nf1 Ngf6 28. Ne3 Kh8 29. Na3 h5 30. Kf1 h4 31. Ke1 hxg3 32. hxg3 Rh7 33. Kd2 Rh2 34. Rf1 Nh5 35. Ke1 Nxg3 36. Rg1 Nh1 37. Bc1 g3 0-1

[Event "Wch U18 Girls"]
[Site "Montesilvano"]
[Date "2023.11.15"]
[Round "3"]
[White "Katter, Katharina"]
[Black "Gavrileva, Anna"]
[Result "1-0"]
[WhiteElo "1887"]
[BlackElo "1316"]
[PlyCount "121"]
[EventDate "2023.11.13"]
[EventType "swiss"]
[EventRounds "11"]
[EventCountry "ITA"]
[SourceTitle "CB48_2023"]
[SourceDate "2023.11.29"]
[SourceVersion "1"]
[SourceVersionDate "2023.11.29"]
[SourceQuality "1"]

1. d4 d5 2. c4 e6 3. Nf3 c6 4. e3 Nf6 5. Nc3 Nbd7 6. Qc2 Bd6 7. b3 0-0 8. Be2 b6 9. 0-0 Bb7 10. Bb2 Re8 11. Rfe1 Qe7 12. e4 Nxe4 13. Nxe4 dxe4 14. Qxe4 Nf6 15. Qc2 Rad8 16. Bf1 Qc7 17. c5 Be7 18. Ne5 a5 19. Rac1 Rc8 20. Qd2 Red8 21. cxb6 Qxb6 22. Nc4 Qa7 23. Qxa5 Qxa5 24. Nxa5 Ba8 25. a3 c5 26. dxc5 Bxc5 27. b4 Ba7 28. Bxf6 gxf6 29. Ba6 Rxc1 30. Rxc1 Kg7 31. Nc4 Rd4 32. b5 Be4 33. a4 Bd3 34. Nb2 Be2 35. h3 Rd2 36. Nc4 Rd4 37. Nb2 Rd2 38. Nc4 Rd4 39. Nb2 Rd2 40. Nc4 Rd4 41. b6 Bxb6 42. Nxb6 Bxa6 43. Rc6 e5 44. a5 Rd1+ 45. Kh2 Ra1 46. Rc5 Kg6 47. Nd7 h5 48. Nxe5+ fxe5 49. Rc6+ Kg5 50. Rxa6 Ra3 51. Ra8 f6 52. a6 Kf4 53. a7 f5 54. g4 hxg4 55. hxg4 Ra2 56. gxf5 Rxf2+ 57. Kg1 Ra2 58. f6 Kf3 59. f7 Ra1+ 60. Kh2 Ra2+ 61. Kh3 1-0

[Event "Bayern-chI Bank Hofmann 26th"]
[Site "Tegernsee"]
[Date "2023.11.02"]
[Round "6"]
[White "Karsay, Pascal"]
[Black "Katter, Katharina"]
[Result "1-0"]
[WhiteElo "2301"]
[BlackElo "1905"]
[PlyCount "111"]
[EventDate "2023.10.28"]
[EventType "swiss"]
[EventRounds "9"]
[EventCountry "GER"]
[SourceTitle "Mega2024 Update 01"]
[Source "Chessbase"]
[SourceDate "2023.11.12"]
[SourceVersion "1"]
[SourceVersionDate "2023.11.12"]
[SourceQuality "1"]

1. Nf3 Nf6 2. c4 g6 3. Nc3 Bg7 4. g3 0-0 5. Bg2 d6 6. d4 Nc6 7. 0-0 e5 8. dxe5 dxe5 9. Bg5 Be6 10. Qc1 Qc8 11. Rd1 Re8 12. Nd2 Nd7 13. Nde4 f6 14. Rxd7 Qxd7 15. Bxf6 Bxc4 16. Nc5 Qd4 17. Bxg7 Kxg7 18. Nxb7 Ne7 19. e3 Qb6 20. Na4 Qb5 21. Nc3 Qb6 22. b3 c6 23. Nd6 Bd5 24. Nxe8+ Rxe8 25. Na4 Qb4 26. Qc3 Qxc3 27. Nxc3 Bxg2 28. Kxg2 Rd8 29. Ne4 h6 30. Rc1 Kf7 31. Kf3 Ke6 32. Ke2 g5 33. Nc5+ Kf5 34. e4+ Kf6 35. Nd3 Rb8 36. h3 h5 37. Nb2 Ke6 38. Rd1 Rf8 39. Nc4 Nc8 40. Na5 Ne7 41. Nb7 Rb8 42. Nd8+ Kf6 43. Rd6+ Kg7 44. Nxc6 Nxc6 45. Rxc6 Rb7 46. Re6 Rc7 47. Rxe5 Rc2+ 48. Ke3 Rxa2 49. Rxg5+ Kh6 50. h4 a5 51. f3 Ra3 52. Kf4 Ra1 53. Rb5 Kg6 54. Rg5+ Kh6 55. Rb5 Kg6 56. g4 1-0

[Event "Wch U20 Girls Blitz"]
[Site "Pula"]
[Date "2023.10.15"]
[Round "10"]
[White "Katter, Katharina"]
[Black "Vanduyfhuys, Daria"]
[Result "1-0"]
[WhiteElo "1905"]
[BlackElo "2088"]
[PlyCount "73"]
[EventDate "2023.10.14"]
[EventType "swiss (blitz)"]
[EventRounds "11"]
[EventCountry "ITA"]
[SourceTitle "Mega2024 Update 01"]
[Source "Chessbase"]
[SourceDate "2023.11.12"]
[SourceVersion "1"]
[SourceVersionDate "2023.11.12"]
[SourceQuality "1"]

1. d4 Nf6 2. Nf3 e6 3. c4 d5 4. Nc3 Be7 5. Bg5 0-0 6. e3 a6 7. Qc2 dxc4 8. Bxc4 Nbd7 9. Rd1 b5 10. Be2 Bb7 11. 0-0 Rc8 12. e4 h6 13. Bxf6 Nxf6 14. e5 Nd5 15. Ne4 Nb4 16. Qb1 Bxe4 17. Qxe4 Nxa2 18. Ra1 Nb4 19. Rfd1 Qd5 20. Qg4 Rfd8 21. Rd2 c5 22. Rad1 c4 23. Ne1 Bg5 24. f4 Be7 25. Bf3 Qd7 26. Be4 c3 27. bxc3 Rxc3 28. Nf3 Rdc8 29. f5 Rc1 30. f6 Bf8 31. Bb1 g6 32. Nh4 Rxd1+ 33. Rxd1 Rc4 34. Nxg6 fxg6 35. Qxg6+ Kh8 36. f7 Bg7 37. Qh7# 1-0

[Event "Wch U20 Girls Blitz"]
[Site "Pula"]
[Date "2023.10.14"]
[Round "2"]
[White "Miroshnik, Ekaterina"]
[Black "Katter, Katharina"]
[Result "1-0"]
[WhiteElo "2181"]
[BlackElo "1905"]
[PlyCount "201"]
[EventDate "2023.10.14"]
[EventType "swiss (blitz)"]
[EventRounds "11"]
[EventCountry "ITA"]
[SourceTitle "Mega2024 Update 01"]
[Source "Chessbase"]
[SourceDate "2023.11.12"]
[SourceVersion "1"]
[SourceVersionDate "2023.11.12"]
[SourceQuality "1"]

1. d4 Nf6 2. c4 g6 3. Nf3 Bg7 4. g3 0-0 5. Bg2 d6 6. 0-0 Nc6 7. Nc3 e5 8. d5 Nb8 9. e4 a5 10. Ne1 Na6 11. Nd3 Nd7 12. f4 exf4 13. Bxf4 Nac5 14. Nxc5 Nxc5 15. Qd2 Re8 16. Bg5 f6 17. Be3 Nd7 18. Bh6 Ne5 19. Bxg7 Kxg7 20. b3 Bd7 21. Rf4 Qe7 22. Raf1 Rf8 23. Qe2 b6 24. Nd1 h5 25. Ne3 Rae8 26. h3 Bc8 27. R4f2 Bd7 28. Nc2 Qd8 29. Nd4 Qc8 30. Kh2 Rf7 31. Qd2 Ref8 32. Rf4 Re8 33. R4f2 Ref8 34. Re1 Re8 35. Ref1 Ref8 36. Qe3 Re8 37. Qc3 Ref8 38. Nf3 Qe8 39. Nd4 Qc8 40. Qd2 Re8 41. Qe2 Ref8 42. Qd1 Re8 43. Rf4 Ref8 44. Qd2 Re8 45. R4f2 Ref8 46. a3 Re8 47. Qc2 Ref8 48. b4 axb4 49. axb4 Qa6 50. c5 bxc5 51. bxc5 Qd3 52. Nf3 Qxc2 53. Rxc2 Nxf3+ 54. Bxf3 Bb5 55. Re1 Bd3 56. Rc3 Bb5 57. cxd6 cxd6 58. Bg2 Re7 59. Rec1 Rd8 60. Rc7 Rdd7 61. R7c3 Be2 62. h4 Bg4 63. Rc8 f5 64. exf5 Bxf5 65. Rb8 Re2 66. Rcc8 Be4 67. Rg8+ Kf6 68. Rgf8+ Ke5 69. Rfe8+ Kd4 70. Rb4+ Kxd5 71. Rbxe4 Rxe4 72. Rxe4 Kc5 73. Re6 Rg7 74. Be4 g5 75. hxg5 Rxg5 76. Kh3 d5 77. Bf3 d4 78. Rh6 Kc4 79. Rxh5 Rg7 80. Rh8 d3 81. Rc8+ Kd4 82. Rd8+ Ke3 83. Bd1 Kd2 84. Ba4 Kc3 85. g4 Ra7 86. Bd1 Kd2 87. Bf3 Ke3 88. Kg3 Rf7 89. Re8+ Kd2 90. g5 Rd7 91. g6 Kc1 92. Rf8 d2 93. Rf7 Rd3 94. Rc7+ Kb2 95. Kg4 Rxf3 96. Rd7 Rf2 97. Kg3 Re2 98. Kf3 Rh2 99. g7 Rh3+ 100. Kg2 Rh5 101. Kf3 1-0

[Event "EU-ch U18 Girls rapid"]
[Site "Terme Catez"]
[Date "2023.09.28"]
[Round "1"]
[White "Katter, Katharina"]
[Black "Mihaljevic, Eva"]
[Result "1-0"]
[WhiteElo "2038"]
[BlackElo "1750"]
[PlyCount "53"]
[EventDate "2023.09.28"]
[EventType "swiss (rapid)"]
[EventRounds "9"]
[EventCountry "SLO"]
[SourceTitle "EXT 2024"]
[Source "ChessBase"]
[SourceDate "2023.10.10"]
[SourceVersion "1"]
[SourceVersionDate "2023.10.10"]
[SourceQuality "1"]

1. d4 d5 2. c4 e6 3. Nf3 Nf6 4. Nc3 c6 5. e3 Nbd7 6. Qc2 Be7 7. b3 0-0 8. Be2 b6 9. 0-0 Bb7 10. Bb2 Rc8 11. e4 dxe4 12. Nxe4 c5 13. Ng3 Qc7 14. Rad1 Rfd8 15. d5 exd5 16. Nf5 Bf8 17. cxd5 Bxd5 18. Qc3 Be6 19. Nh6+ Kh8 20. Ng5 Nb8 21. Bc4 Nd5 22. Qf3 Qf4 23. Bxd5 Qxg5 24. Bxe6 Qxh6 25. Bxc8 Rxc8 26. Qxf7 Bd6 27. Rxd6 1-0

[Event "EU-ch U18 Girls rapid"]
[Site "Terme Catez"]
[Date "2023.09.28"]
[Round "2"]
[White "Sulyok, Eszter"]
[Black "Katter, Katharina"]
[Result "1/2-1/2"]
[WhiteElo "1857"]
[BlackElo "2038"]
[PlyCount "82"]
[EventDate "2023.09.28"]
[EventType "swiss (rapid)"]
[EventRounds "9"]
[EventCountry "SLO"]
[SourceTitle "EXT 2024"]
[Source "ChessBase"]
[SourceDate "2023.10.10"]
[SourceVersion "1"]
[SourceVersionDate "2023.10.10"]
[SourceQuality "1"]

1. c4 e5 2. e3 d6 3. Nc3 g6 4. g3 Bg7 5. Bg2 f5 6. Nge2 Nf6 7. d3 c6 8. 0-0 0-0 9. f4 Qe7 10. Qc2 Nbd7 11. b4 exf4 12. Nxf4 Ng4 13. e4 Bd4+ 14. Kh1 Qf6 15. h3 Bxc3 16. Rb1 Nh6 17. Ne2 Be5 18. Bxh6 Re8 19. d4 Bxd4 20. Nxd4 Qxd4 21. exf5 Ne5 22. fxg6 hxg6 23. Rbd1 Qxc4 24. Qf2 Bf5 25. Rd4 Qc2 26. Qxc2 Bxc2 27. Rxd6 Nf7 28. Rd2 Nxh6 29. Rxc2 Nf5 30. Rc3 Re3 31. Rxe3 Nxe3 32. Rf6 Nxg2 33. Kxg2 Kg7 34. Rd6 a5 35. a3 axb4 36. axb4 b5 37. Rxc6 Ra4 38. Rc7+ Kf6 39. Rc6+ Kf7 40. Rc7+ Kf6 41. Rc6+ Ke5 1/2-1/2

[Event "EU-ch U18 Girls 31st"]
[Site "Mamaia"]
[Date "2023.09.07"]
[Round "3"]
[White "Katter, Katharina"]
[Black "Wikar, Martyna"]
[Result "0-1"]
[WhiteElo "1956"]
[BlackElo "2136"]
[PlyCount "74"]
[EventDate "2023.09.05"]
[EventType "swiss"]
[EventRounds "9"]
[EventCountry "ROU"]
[SourceTitle "EXT 2024"]
[Source "ChessBase"]
[SourceDate "2023.10.10"]
[SourceVersion "1"]
[SourceVersionDate "2023.10.10"]
[SourceQuality "1"]

1. d4 Nf6 2. c4 g6 3. Nc3 Bg7 4. e4 d6 5. Be2 0-0 6. Nf3 e5 7. 0-0 Nbd7 8. Be3 h6 9. h3 exd4 10. Nxd4 Re8 11. Qc2 c6 12. Rad1 Qe7 13. Bf3 a6 14. Rfe1 Ne5 15. Be2 g5 16. Na4 Be6 17. c5 d5 18. Nb6 Rad8 19. exd5 Nxd5 20. Nxd5 Rxd5 21. Nxe6 Qxe6 22. Rxd5 cxd5 23. Rd1 Nc6 24. Bg4 Qe5 25. Bd7 Re7 26. Bxc6 bxc6 27. Qa4 Re6 28. b3 Qb2 29. h4 Qe2 30. Rf1 d4 31. Bxd4 Re4 32. Qxc6 Bxd4 33. Qxh6 Rg4 34. hxg5 Qf3 35. Qh2 Be5 36. Qh1 Rxg5 37. Rc1 Bd4 0-1

[Event "AUT-ch U18"]
[Site "St Veit"]
[Date "2023.04.04"]
[Round "5"]
[White "Katter, Katharina"]
[Black "Weixler, Moritz"]
[Result "1-0"]
[WhiteElo "2045"]
[BlackElo "1497"]
[PlyCount "69"]
[EventDate "2023.04.02"]
[EventType "swiss"]
[EventRounds "7"]
[EventCountry "AUT"]
[SourceTitle "EXT 2024"]
[Source "ChessBase"]
[SourceDate "2023.10.10"]
[SourceVersion "1"]
[SourceVersionDate "2023.10.10"]
[SourceQuality "1"]

1. d4 f5 2. g3 Nf6 3. Bg2 e6 4. Nf3 Be7 5. c4 0-0 6. 0-0 d6 7. Nc3 Nbd7 8. Qc2 a6 9. e4 fxe4 10. Nxe4 Nxe4 11. Qxe4 Nf6 12. Qe2 Re8 13. b3 Rb8 14. Rd1 h6 15. Qc2 Rf8 16. Nh4 Qe8 17. Ng6 Rf7 18. h3 Nh7 19. Nf4 Nf8 20. Bb2 Bg5 21. Nd3 Bd7 22. h4 Bf6 23. Re1 Qd8 24. Re3 Qc8 25. Rae1 c5 26. dxc5 dxc5 27. Ne5 Bxe5 28. Bxe5 Ra8 29. Bd6 Rf6 30. Qc3 Bc6 31. Bh3 Bd7 32. Qa5 e5 33. Bxd7 Qxd7 34. Bxe5 Rf5 35. Qxc5 1-0

[Event "Graz op-A"]
[Site "Graz"]
[Date "2022.09.08"]
[Round "6"]
[White "Poetsch, Hagen"]
[Black "Katter, Katharina"]
[Result "1/2-1/2"]
[WhiteElo "2491"]
[BlackElo "1960"]
[PlyCount "71"]
[EventDate "2022.09.03"]
[EventType "swiss"]
[EventRounds "9"]
[EventCountry "AUT"]
[SourceTitle "EXT 2023"]
[Source "ChessBase"]
[SourceDate "2022.10.05"]
[SourceVersion "1"]
[SourceVersionDate "2022.10.05"]
[SourceQuality "1"]

1. e4 c5 2. Nf3 d6 3. d4 cxd4 4. Nxd4 Nf6 5. Nc3 a6 6. h3 e5 7. Nf3 Be7 8. g4 h6 9. Rg1 b5 10. g5 hxg5 11. Nxg5 Bb7 12. a4 Qa5 13. b4 Qxb4 14. Bd2 Qd4 15. axb5 axb5 16. Rxa8 Bxa8 17. Nxb5 Qc5 18. Be3 Qc6 19. c4 Nbd7 20. Nc3 Bd8 21. Bd3 Ba5 22. Qa1 Bxc3+ 23. Qxc3 Nc5 24. Bc2 Nfxe4 25. Nxe4 Nxe4 26. Qb4 Ke7 27. Rxg7 Rxh3 28. Rg1 Qa6 29. c5 Qa1+ 30. Bb1 Qc3+ 31. Qxc3 Nxc3 32. Bf5 Rh1 33. Rxh1 Bxh1 34. Bg5+ f6 35. cxd6+ Kxd6 36. Bxf6 1/2-1/2

[Event "EU-ch (Women) 22nd"]
[Site "Prague"]
[Date "2022.08.28"]
[Round "8"]
[White "Katter, Katharina"]
[Black "Kordzadze, Nino"]
[Result "0-1"]
[WhiteElo "1960"]
[BlackElo "1993"]
[PlyCount "120"]
[EventDate "2022.08.20"]
[EventType "swiss"]
[EventRounds "11"]
[EventCountry "CZE"]
[SourceTitle "CBM 209 Extra"]
[Source "ChessBase"]
[SourceDate "2022.09.30"]
[SourceVersion "1"]
[SourceVersionDate "2022.09.30"]
[SourceQuality "1"]

1. d4 Nf6 2. Nf3 g6 3. g3 Bg7 4. Bg2 d6 5. 0-0 0-0 6. Re1 Ne4 7. c4 c5 8. Qc2 f5 9. Nbd2 cxd4 10. Nxe4 fxe4 11. Qxe4 Nc6 12. Ng5 Rf6 13. Qh4 h6 14. Ne4 Rf5 15. g4 g5 16. Qg3 Re5 17. f4 gxf4 18. Bxf4 Re6 19. g5 Rg6 20. Qh4 Bf5 21. Ng3 e6 22. Nxf5 exf5 23. Bd5+ Kf8 24. Qh5 Rxg5+ 25. Bxg5 Qxg5+ 26. Qxg5 hxg5 27. Rf1 f4 28. h4 Bf6 29. hxg5 Bxg5 30. Rad1 Ne5 31. Rxd4 Ke7 32. Bg2 f3 33. Rd5 fxg2 34. Kxg2 Rg8 35. Rh1 Nxc4 36. Rh7+ Ke6 37. Rb5 Bf6+ 38. Kf3 Ne5+ 39. Ke3 Bg5+ 40. Kd4 Nc6+ 41. Kd3 b6 42. Rc7 Ne5+ 43. Kc2 Be3 44. Rb3 Bc5 45. Kd2 a5 46. Rh3 Rg2 47. Rh6+ Kd5 48. Rh5 b5 49. a3 a4 50. Rb7 Kc6 51. Rhh7 Nc4+ 52. Kd3 Rg3+ 53. Kc2 Rb3 54. e4 Rxb2+ 55. Kc1 Be3+ 56. Kd1 Bb6 57. Kc1 Re2 58. Kd1 Rxe4 59. Kc1 Nxa3 60. Kb2 Nc4+ 0-1

[Event "EU-ch (Women) 22nd"]
[Site "Prague"]
[Date "2022.08.27"]
[Round "7"]
[White "Shatil, Or"]
[Black "Katter, Katharina"]
[Result "0-1"]
[WhiteElo "1842"]
[BlackElo "1960"]
[PlyCount "86"]
[EventDate "2022.08.20"]
[EventType "swiss"]
[EventRounds "11"]
[EventCountry "CZE"]
[SourceTitle "CBM 209 Extra"]
[Source "ChessBase"]
[SourceDate "2022.09.30"]
[SourceVersion "1"]
[SourceVersionDate "2022.09.30"]
[SourceQuality "1"]

1. e4 c5 2. Nf3 d6 3. d4 cxd4 4. Nxd4 Nf6 5. Nc3 a6 6. Be2 e5 7. Nf3 Be7 8. Bg5 Be6 9. Bxf6 Bxf6 10. 0-0 0-0 11. Nd5 Nd7 12. Bc4 Rc8 13. Qe2 Nb6 14. Nxb6 Qxb6 15. Bxe6 fxe6 16. c3 Rc6 17. Rad1 Qa5 18. a3 Qa4 19. Rd2 Be7 20. Rb1 Rf4 21. Re1 Rc4 22. b3 Qxb3 23. Rb2 Qxc3 24. Rxb7 Bf8 25. Rb8 h6 26. Nd2 Rd4 27. Nb3 Rdxe4 28. Qxe4 Rxe4 29. Rxe4 Qc2 30. Re1 Qc7 31. Rb4 d5 32. Rc1 Qa7 33. Rc8 Kf7 34. Rbb8 Bd6 35. Ra8 Qb7 36. Nd2 e4 37. g3 d4 38. Nc4 Bc7 39. Rf8+ Kg6 40. h4 Qd5 41. Nd2 e3 42. Nf3 Qxf3 43. Rxf3 e2 0-1

[Event "EU-ch (Women) 22nd"]
[Site "Prague"]
[Date "2022.08.25"]
[Round "6"]
[White "Katter, Katharina"]
[Black "Vega Gutierrez, Sabrina Neide"]
[Result "0-1"]
[WhiteElo "1960"]
[BlackElo "2366"]
[PlyCount "78"]
[EventDate "2022.08.20"]
[EventType "swiss"]
[EventRounds "11"]
[EventCountry "CZE"]
[SourceTitle "CBM 209 Extra"]
[Source "ChessBase"]
[SourceDate "2022.09.30"]
[SourceVersion "1"]
[SourceVersionDate "2022.09.30"]
[SourceQuality "1"]

1. Nf3 d5 2. e3 Nf6 3. c4 e6 4. Nc3 Bd6 5. b3 0-0 6. Bb2 b6 7. g3 Bb7 8. Bg2 c5 9. 0-0 dxc4 10. bxc4 Nc6 11. Qe2 Rc8 12. d3 Qe7 13. Ng5 h6 14. Nge4 Nxe4 15. Nxe4 Be5 16. Bxe5 Nxe5 17. f4 Nc6 18. f5 exf5 19. Rxf5 Rce8 20. Raf1 Ne5 21. Nc3 Bxg2 22. Kxg2 Qd6 23. Nd5 b5 24. Qh5 Re6 25. d4 cxd4 26. exd4 Nxc4 27. Rxf7 Rxf7 28. Qxf7+ Kh8 29. Qf8+ Qxf8 30. Rxf8+ Kh7 31. Kf3 Nd2+ 32. Kf2 Ne4+ 33. Kf3 Ng5+ 34. Kf2 Ra6 35. Nb4 Ra4 36. Nc6 Rxa2+ 37. Ke3 Ra3+ 38. Kd2 Ne4+ 39. Kc1 Rc3+ 0-1

[Event "EU-ch (Women) 22nd"]
[Site "Prague"]
[Date "2022.08.23"]
[Round "4"]
[White "Utiatskaja, Irina"]
[Black "Katter, Katharina"]
[Result "1-0"]
[WhiteElo "2154"]
[BlackElo "1960"]
[PlyCount "133"]
[EventDate "2022.08.20"]
[EventType "swiss"]
[EventRounds "11"]
[EventCountry "CZE"]
[SourceTitle "CBM 209 Extra"]
[Source "ChessBase"]
[SourceDate "2022.09.30"]
[SourceVersion "1"]
[SourceVersionDate "2022.09.30"]
[SourceQuality "1"]

1. d4 Nf6 2. c4 g6 3. Nc3 Bg7 4. e4 d6 5. Be2 0-0 6. h4 e5 7. d5 h5 8. Bg5 Na6 9. f3 Qe8 10. Qd2 c6 11. Nh3 cxd5 12. cxd5 Bd7 13. Nf2 Nc5 14. g4 hxg4 15. fxg4 b5 16. Bf3 b4 17. Ne2 Qc8 18. Rg1 Qa6 19. Qe3 b3 20. a3 Na4 21. Rb1 Qa5+ 22. Kf1 Qb6 23. Qxb6 Nxb6 24. Nc3 Nc4 25. Be2 Rfc8 26. Bxc4 Rxc4 27. Ke2 Rac8 28. Rg3 Ne8 29. h5 Bf6 30. Be3 Bh4 31. Rg2 Bxf2 32. Kxf2 Nf6 33. Kf3 Bxg4+ 34. Rxg4 Nxg4 35. Kxg4 gxh5+ 36. Kxh5 f5 37. exf5 Kf7 38. Nb5 Rh8+ 39. Bh6 Kf6 40. Rh1 Rf4 41. Nxd6 Rd4 42. Rh3 Rxd5 43. Ne4+ Kxf5 44. Re3 Rd7 45. Ng3+ Ke6 46. Ne4 Kf5 47. Ng5 e4 48. Nxe4 Rdh7 49. Nd6+ Kf6 50. Rf3+ Ke6 51. Nf5 Ke5 52. Kg6 Ke4 53. Re3+ Kd5 54. Bg7 Rxg7+ 55. Kxg7 Rb8 56. Ne7+ Kd4 57. Rc3 Rb6 58. Nc6+ Kd5 59. Na5 Rb5 60. Nxb3 a5 61. Kf6 a4 62. Rc5+ Rxc5 63. Nxc5 Kxc5 64. Ke5 Kc4 65. Kd6 Kb3 66. Kc5 Kxb2 67. Kb4 1-0

[Event "St Veit op 41st"]
[Site "St Veit"]
[Date "2022.07.15"]
[Round "8"]
[White "Katter, Katharina"]
[Black "Bajorski, Marius"]
[Result "0-1"]
[WhiteElo "2000"]
[BlackElo "1870"]
[PlyCount "64"]
[EventDate "2022.07.09"]
[EventType "swiss"]
[EventRounds "9"]
[EventCountry "AUT"]
[SourceTitle "CBM 209 Extra"]
[Source "ChessBase"]
[SourceDate "2022.09.30"]
[SourceVersion "1"]
[SourceVersionDate "2022.09.30"]
[SourceQuality "1"]

1. d4 d5 2. Nf3 Nf6 3. c4 e6 4. Nc3 Be7 5. Bg5 0-0 6. e3 h6 7. Bxf6 Bxf6 8. Qc2 c5 9. dxc5 Qa5 10. cxd5 exd5 11. 0-0-0 Bxc3 12. Qxc3 Qxa2 13. Bb5 Bd7 14. Nd4 Rc8 15. Bxd7 Nxd7 16. b4 g6 17. Rd2 Qa6 18. h4 Qf6 19. g4 a5 20. g5 axb4 21. Qxb4 Qe5 22. Rb2 Nxc5 23. Kd2 Nd3 24. Kxd3 Qe4+ 25. Ke2 Qxh1 26. Qxb7 hxg5 27. Nc6 Re8 28. Ne5 Rf8 29. Nxf7 Ra1 30. Nh6+ Kh8 31. Nf7+ Rxf7 32. Qb8+ Kh7 0-1

[Event "St Veit op 41st"]
[Site "St Veit"]
[Date "2022.07.10"]
[Round "3"]
[White "Katter, Katharina"]
[Black "Bauer, Sebastian"]
[Result "0-1"]
[WhiteElo "2000"]
[BlackElo "2380"]
[PlyCount "118"]
[EventDate "2022.07.09"]
[EventType "swiss"]
[EventRounds "9"]
[EventCountry "AUT"]
[SourceTitle "CBM 209 Extra"]
[Source "ChessBase"]
[SourceDate "2022.09.30"]
[SourceVersion "1"]
[SourceVersionDate "2022.09.30"]
[SourceQuality "1"]

1. d4 Nf6 2. Nf3 g6 3. g3 Bg7 4. Bg2 0-0 5. 0-0 d6 6. Nc3 c6 7. e4 Qc7 8. e5 dxe5 9. Nxe5 Be6 10. Bf4 Qc8 11. Qe2 Nbd7 12. Rad1 Nb6 13. a4 Rd8 14. a5 Nbd5 15. Nxd5 Bxd5 16. c4 Bxg2 17. Kxg2 Nh5 18. Bc1 c5 19. d5 Qc7 20. Nd3 Re8 21. Be3 b6 22. axb6 axb6 23. Ra1 Rad8 24. Rfd1 e6 25. Nf4 Nxf4+ 26. Bxf4 Qb7 27. Qf3 Bxb2 28. Rab1 Bd4 29. dxe6 Qxf3+ 30. Kxf3 Rxe6 31. Rb3 Ra8 32. Rdb1 Ra2 33. Be3 Rf6+ 34. Ke4 Re6+ 35. Kf3 Bxe3 36. fxe3 Rxh2 37. Rxb6 Rxb6 38. Rxb6 Rc2 39. Ke4 Rxc4+ 40. Kd5 Rg4 41. Kxc5 Rxg3 42. Kd4 Kg7 43. Ke4 h5 44. Kf4 Rg4+ 45. Kf3 f5 46. Rb8 Kh6 47. Rh8+ Kg5 48. Rh7 h4 49. Rh8 Rg3+ 50. Kf2 Kg4 51. Rg8 g5 52. Rg7 Rf3+ 53. Ke2 Rh3 54. Kf2 Rh2+ 55. Kg1 Re2 56. Re7 h3 57. Kf1 Ra2 58. Rh7 h2 59. Rh6 Kg3 0-1

[Event "St Veit op 41st"]
[Site "St Veit"]
[Date "2022.07.10"]
[Round "2"]
[White "Manhardt, Thomas"]
[Black "Katter, Katharina"]
[Result "1-0"]
[WhiteElo "2227"]
[BlackElo "2000"]
[PlyCount "111"]
[EventDate "2022.07.09"]
[EventType "swiss"]
[EventRounds "9"]
[EventCountry "AUT"]
[SourceTitle "CBM 209 Extra"]
[Source "ChessBase"]
[SourceDate "2022.09.30"]
[SourceVersion "1"]
[SourceVersionDate "2022.09.30"]
[SourceQuality "1"]

1. b3 Nf6 2. Bb2 d5 3. e3 Bf5 4. Nf3 e6 5. Bd3 Bxd3 6. cxd3 c5 7. 0-0 Nc6 8. d4 Rc8 9. dxc5 Bxc5 10. a3 Bd6 11. b4 a6 12. d3 0-0 13. Nbd2 e5 14. h3 Re8 15. Rc1 Qe7 16. Qe2 a5 17. b5 Nb8 18. a4 Nbd7 19. Nb3 Bb4 20. Rxc8 Rxc8 21. Rc1 Rxc1+ 22. Nxc1 e4 23. Nd4 Ba3 24. dxe4 dxe4 25. Ncb3 Bb4 26. Qc2 Nb6 27. Nf5 Qe6 28. Bxf6 Qxf5 29. Bd4 Nxa4 30. Nxa5 Qxb5 31. Qc8+ Bf8 32. Nxb7 Qb4 33. Kh2 Qe7 34. g3 h5 35. Qa8 Kh7 36. Nd8 Qd7 37. Qxe4+ f5 38. Qa8 Nc5 39. Nc6 Ne6 40. Ne5 Qc7 41. Qe8 Nxd4 42. Qxh5+ Kg8 43. exd4 Qc2 44. Qf3 Bb4 45. Kg2 Bc3 46. Nd3 g6 47. Nf4 Qe4 48. Qxe4 fxe4 49. Nxg6 Bxd4 50. Ne7+ Kf7 51. Nf5 Bc5 52. g4 Kf6 53. h4 Bf8 54. Kg3 Ke5 55. h5 Kf6 56. Kf4 1-0